| 000 | 00399nam a22001697a 4500 | ||
|---|---|---|---|
| 003 | NUST - PNEC | ||
| 005 | 20170116180837.0 | ||
| 008 | 150811b xxu||||| |||| 00| 0 eng d | ||
| 020 | _a- | ||
| 040 | _cLIBRARY | ||
| 082 | _a428.24 MAN | ||
| 100 |
_95116 _aManohar, Usha |
||
| 245 |
_aQuiz time _cUsha Manohar |
||
| 260 | _cc.1993 | ||
| 650 |
_95117 _aQuestion Answers _xGeneral |
||
| 942 |
_2ddc _cBK |
||
| 999 |
_c64284 _d64284 |
||